|
|
|
|
| LEADER |
01871cas a2200301 a 4500 |
| 001 |
AALejournalIMF020055 |
| 008 |
230101c9999 xx r poo 0 0eng d |
| 020 |
|
|
|c 5.00 USD
|
| 020 |
|
|
|z 9781498337823
|
| 022 |
|
|
|a 2663-3493
|
| 040 |
|
|
|a BD-DhAAL
|c BD-DhAAL
|
| 110 |
2 |
|
|a International Monetary Fund.
|
| 245 |
1 |
0 |
|a Ex Post Evaluations of Exceptional Access Arrangements-Revised Guidance Note.
|
| 264 |
|
1 |
|a Washington, D.C. :
|b International Monetary Fund,
|c 2010.
|
| 300 |
|
|
|a 1 online resource (6 pages)
|
| 490 |
1 |
|
|a Policy Papers
|
| 500 |
|
|
|a <strong>Off-Campus Access:</strong> No User ID or Password Required
|
| 500 |
|
|
|a <strong>On-Campus Access:</strong> No User ID or Password Required
|
| 506 |
|
|
|a Electronic access restricted to authorized BRAC University faculty, staff and students
|
| 520 |
3 |
|
|a The Executive Board has agreed that post-program monitoring (PPM), with formal involvement of the Board, could be useful in certain cases. Specifically, the Board has decided that when a member's outstanding credit from the General Resources Account (GRA) of the Fund, or from the Fund as Trustee of the Poverty Reduction and Growth Trust (PRGT), or a combination thereof, exceeds a threshold of 200 percent of quota, and the member no longer has an arrangement or is not implementing a staff-monitored program with reports issued to the Board, there should be a presumption that the member will engage in PPM with the Fund of economic developments and policies after the expiration of the arrangement.
|
| 538 |
|
|
|a Mode of access: Internet
|
| 650 |
|
7 |
|a EPE Report
|2 imf
|
| 650 |
|
7 |
|a EPE
|2 imf
|
| 650 |
|
7 |
|a EPES
|2 imf
|
| 650 |
|
7 |
|a PIN
|2 imf
|
| 650 |
|
7 |
|a PP
|2 imf
|
| 830 |
|
0 |
|a Policy Papers; Policy Paper ;
|v No. 2010/014
|
| 856 |
4 |
0 |
|z Full text available on IMF
|u http://elibrary.imf.org/view/journals/007/2010/014/007.2010.issue-014-en.xml
|z IMF e-Library
|